000 00288nam a22001217a 4500
008 181204b xxu||||| |||| 00| 0 eng d
041 _aeng
080 _23 th
_a573
100 _a11
101 _aBIO
245 _aMolecular Biology Made Simple And Fun
_cCalrk D.P
942 _2udc
_cBK
999 _c52772
_d52772